| 000 | 00709nam a2200145 a 4500 | ||
|---|---|---|---|
| 008 | 220223s2019 ||||||||||||||||| || u | ||
| 050 | _aCBU-PG THESIS/BAN | ||
| 100 | _aBanda, Daliso | ||
| 245 | 1 | 4 |
_aThe impact of Concept Map Teaching and learning strategy on learner Performance and attitude: A study at Lumezi Day Secondary School among eleventh Grade Students _cBy Daliso Banda |
| 260 |
_aKitwe _bCopperbelt University _c2019 |
||
| 300 | _a59 pages : illustrations | ||
| 650 | _aLUMEZI DAY SECONDARY SCHOOL | ||
| 650 | _aCONCEPT MAP TEACHING AND LEARNING STRATEGY | ||
| 995 |
_FCBU-MAIN LIBRARY (Kitwe) _M1 _UAVAILABLE _WAug 25, 2022 _ZUniversity Collection |
||
| 999 |
_c46241 _d46241 |
||